LIBRARY & INFORMATION CENTRE, KCAET, TAVANUR

ONLINE PUBLIC ACCESS CATALOGUE (OPAC)

Introduction to Renewable Energy (Record no. 14171)

MARC details
000 -LEADER
fixed length control field 00393nam a22001577a 4500
003 - CONTROL NUMBER IDENTIFIER
control field OSt
008 - FIXED-LENGTH DATA ELEMENTS--GENERAL INFORMATION
fixed length control field 241029b |||||||| |||| 00| 0 eng d
020 ## - INTERNATIONAL STANDARD BOOK NUMBER
ISBN 9781439834497
082 ## - DEWEY DECIMAL CLASSIFICATION NUMBER
Classification number 621.47
Item number NEL/IN
100 ## - MAIN ENTRY--AUTHOR NAME
Personal name Nelson, Vaughn
245 ## - TITLE STATEMENT
Title Introduction to Renewable Energy
260 ## - PUBLICATION, DISTRIBUTION, ETC. (IMPRINT)
Place of publication London
Name of publisher CRC Press
Year of publication 2011
300 ## - PHYSICAL DESCRIPTION
Number of Pages 384
490 ## - SERIES STATEMENT
Series statement Energy And The Environment
942 ## - ADDED ENTRY ELEMENTS (KOHA)
Koha item type Books
Holdings
Withdrawn status Lost status Damaged status Collection code Home library Current library Shelving location Date acquired Source of acquisition Cost, normal purchase price Full call number Accession Number Koha item type
        KAUAET KAUAET Shelf- 7A 21/06/2016 Calicut Books, Calicut 5955.41 621.47 NEL/IN 23687 Books
free website counter